Statistiques concernant Quiz 100 personnages Harry Potter

Cliquez ici pour prendre le quiz!

Statistiques générales

  • Ce quiz a été pris 85 fois
  • Le résultat moyen est 39 sur 99

Statistiques - réponses

personnages% Correct
1Harry Potter
98%
2Ron Weasley
90%
3Hermione Granger
88%
24Fred Weasley
76%
5Ginny Weasley
76%
25George Weasley
73%
23Percy Weasley
71%
21Bill Weasley
69%
29Molly Weasley
69%
20Arthur Weasley
68%
43James Potter
68%
47James Sirius Potter
68%
46Lily Luna Potter
68%
44Lily Potter
68%
4Neville Londubat
68%
45Sirius Black
68%
7Minerva Mcgonagall
66%
22Charlie Weasley
64%
8Severus Rogue
63%
34Bellatrix Lestrange
61%
6Luna Lovegood
59%
30Remus Lupin
59%
14Rubeus Hagrid
59%
35Dobby
54%
58Fleur Delacour
53%
66Hedwige
51%
36Lucius Malfoy
51%
41Peter Pettigrow
51%
93Abelforth Dumbledore
49%
37Drago Malfoy
49%
52Pétunia Dursley
49%
100Albus Dumbledore
47%
54Cédric Diggory
47%
32Dolores Ombrage
47%
49Dudley Dursley
47%
51Vernon Dursley
46%
53Cho Chang
44%
60Viktor Krum
44%
94Ariana Dumbledore
42%
81Hugo Weasley
42%
40Narcissa Malfoy
42%
82Nymphadora Tonks
42%
80Rose Granger-Weasley
42%
31Alastor Maugrey
41%
68Buck
39%
10Pomona Chourave
39%
26Dean Thomas
37%
33Lord Voldemort
37%
89Nick Quasi sans tête
37%
9Filius Flitwick
36%
99Salazar Serpentard
36%
87Cornelius Fudge
34%
29Gilderoy Lockhart
34%
77Kreattur
34%
83Parvati Patil
34%
72Pattenrond
34%
48Albus Severus Potter
32%
90Baron Sanglant
32%
96Godric Gryffondor
32%
98Helga Poufsouffle
32%
97Rowena Serdaigle
32%
27Seamus Finnigan
32%
17Argus Rusard
31%
71Croutard
31%
57Igor Karkaroff
31%
84Padma Patil
31%
61Barty Croupton
29%
62Barty Croupton Jr
29%
85Lavande Brown
29%
13Sibylle Trelawney
29%
55Amos Diggory
27%
70Nagini
27%
12Horace Slughorn
25%
38Vincent Crabbe
25%
39Gregory Goyle
24%
56Olympe Maxime
24%
42Pansy Parkinson
24%
28Quirinus Quirell
22%
91Dame Grise
20%
92la grosse dame
20%
88Moine Gras
20%
59Gabrielle Delacour
19%
67Miss Teigne
19%
64Garrik Ollivander
15%
79Gripsec
15%
86Rita Skeeter
15%
69Aragog
14%
18Firenze
14%
76Touffu
14%
95Bathilda Tourdesac
10%
74fumseck
10%
65Tom Elvis Jedusor
10%
11Rolanda Bibine
8%
73basilic
7%
15Cuthbert Binns
7%
16Pompom Pomfresh
7%
63Ludo Verpey
5%
75sombral
3%
78Cockdur
2%

Distribution des résultats

Percentile par nombre de réponses

% des personnes avec chaque résultat

Votre développement - résultats

Vous n’avez pas pris ce quiz